000 00459nam a2200193Ia 4500
003 GCL
008 140319s9999 xx 000 0 eng d
040 _aGCL /
_cGCL
082 0 4 _aCH
_b372.241
_bF M
100 1 _aFROEBEL-KAN CO
245 1 0 _aBIRDS /
_cFROEBEL-KAN CO
260 _a[S.N] :
_bFROEBEL- KAN CO
300 _a13
650 0 4 _aSTUDY AND TEACHING
650 0 4 _aREADING
650 0 4 _aCHILDREN
650 0 4 _aENGLISH LANGUAGE
942 _2ddc
_cBK
999 _c17788
_d17788